Ballon d'or 2025 - Classement - Statistiques

Statistiques générales
  • Ce quiz a été pris 3 324 fois
  • Le résultat moyen est 27 sur 30
Statistiques - réponses
Rang Pays Club(s) Joueur % Correct
#1 France PSG Ousmane Dembélé
100%
#2 Espagne FC Barcelone Lamine Yamal
99%
#7 France Real Madrid Kylian Mbappé
98%
#4 Egypte Liverpool Mohamed Salah
98%
#6 Maroc PSG Achraf Hakimi
97%
#8 Angleterre Chelsea Cole Palmer
95%
#9 Italie PSG / Manchester City Gianluigi Donnarumma
95%
#16 Brésil Real Madrid Vinicius Júnior
95%
#3 Portugal PSG Vitinha
95%
#13 Angleterre Bayern Munich Harry Kane
94%
#10 Portugal PSG Nuno Mendes
94%
#14 France PSG Désiré Doué
93%
#12 Géorgie SSC Napoli / PSG Khvicha Kvaratskhelia
93%
#11 Espagne FC Barcelone Pedri
93%
#19 Portugal PSG João Neves
92%
#26 Norvège Manchester City Erling Haaland
91%
#30 France Bayern Munich Michael Olise
90%
#5 Brésil FC Barcelone Raphinha
90%
#24 Espagne PSG Fabián Ruiz
89%
#20 Argentine Inter Milan Lautaro Martínez
89%
#17 Pologne FC Barcelone Robert Lewandowski
89%
#23 Angleterre Real Madrid Jude Bellingham
88%
#15 Suède Sporting CP / Arsenal Viktor Gyökeres
88%
#29 Allemagne Bayer Leverkusen / Liverpool Florian Wirtz
83%
#28 Pays-Bas Liverpool Virgil van Dijk
82%
#21 Guinée Borussia Dortmund Serhou Guirassy
81%
#18 Ecosse SSC Napoli Scott McTominay
79%
#27 Angleterre Arsenal Declan Rice
78%
#22 Argentine Liverpool Alexis Mac Allister
77%
#25 Pays-Bas Inter Milan Denzel Dumfries
76%
Aucun quiz correspondant
Distribution des résultats
% des personnes avec chaque résultat
Percentile par nombre de réponses
Votre historique - résultats
Vous n’avez pas pris ce quiz